LIBRARY & INFORMATION CENTRE, KCAET, TAVANUR

ONLINE PUBLIC ACCESS CATALOGUE (OPAC)

Statical Methods (Record no. 12917)

MARC details
000 -LEADER
fixed length control field 00302cam a2200145ua 4500
041 ## - LANGUAGE CODE
Language code of text/sound track or separate title eng
082 ## - DEWEY DECIMAL CLASSIFICATION NUMBER
Classification number 518
Item number
100 ## - MAIN ENTRY--AUTHOR NAME
Personal name Sharma, Kapil .
245 ## - TITLE STATEMENT
Title Statical Methods
260 ## - PUBLICATION, DISTRIBUTION, ETC. (IMPRINT)
Place of publication Jaipur :
Name of publisher ABD Publishers ,
Year of publication 2001.
300 ## - PHYSICAL DESCRIPTION
Number of Pages ; .
942 ## - ADDED ENTRY ELEMENTS (KOHA)
Koha item type Books
Holdings
Withdrawn status Lost status Damaged status Home library Current library Date acquired Full call number Accession Number Koha item type
      KAUAET KAUAET 07/04/2012 518 KAP/ST 21037 Books
free website counter